00667 2200229 4500001002100000005001500021035002000036008004100056245010100097100001800198250001000216260003300226300003200259020002200291084001400313082000800327650002600335700002400361504003000385990001100415990001100426INLIS00000000001183620220616114111 a0010-0622000346220616 g 0 ind 1 aSemua Rahasia Kulit Cantik dan Sehat Ada Di Sini /cKeen Achroni; penyunting, Chrisna Farmadiani aKEEN, Achroni acet.1 aJakarta :bJavalitera,c2020 a187 hal. :bilus. ;c20 cm. a978-602-98185-9-8 a613 KEE s a613 4aKESEHATAN. KECANTIKAN0 aCHRISNA, Farmadiani aBibliografi : hal.185-187 a7723 a a7723 b